Die teuersten Fußballtransfers - Defensive Mittelfeldspieler - 2021-22 - Statistiken

Allgemein
  • Dieses Quiz wurde 19 mal gespielt
  • Das Durchschnittsergebnis liegt bei 4 aus 10
Antwortstatistiken
Ablöse (M €) Nationalität Abgebender Verein Aufnehmender Verein Spieler % Korrekt
11,35 Schweiz Bor. M'gladbach Juventus Turin Denis Zakaria
86%
42,10 Brasilien Olympique Lyon Newcastle United Bruno Guimarães
71%
13,57 Belgien Hamburger SV LOSC LIlle Amadou Onana
64%
24,50 Uruguay Famalicão Sporting Manuel Ugarte
64%
15,75 Italien Brescia Calcio AC Mailand Sandro Tonali
57%
14,00 Frankreich FC Freiburg Stade Rennes Baptiste Santamaria
50%
16,00 Portugal FC Porto Paris SG Danilo Pereira
21%
8,75 Frankreich G. Bordeaux AC Mailand Yacine Adli
14%
20,00 Frankreich LOSC LIlle Leiceste Citty Boubakary Soumaré
7%
10,00 Rumänien Ajax Amsterdam Cagliari Calcio Răzvan Marin
0%
Keine übereinstimmenden Quizze gefunden
Verteilung der Resultate
Anzahl Personen mit jedem Resultat
Perzentil nach korrekt beantworteten Fragen
Ihre Resultats-Entwicklung
Sie haben dieses Quiz noch nicht gespielt